000 00570nam a2200157 a 4500
008 120416s1961 ||||||||||||||||| || u
050 _aGN 406 Thi
100 _aEvans-Pritchard, E. E
245 1 4 _aThe institutions of primitive society: a series of broadcast talks
260 _aOxford
_bBasil Blackwell
_c1961
300 _aviii, 107p.
350 _a0.00
650 _aCULTURE
650 _aPRIMITIVE SOCIETY
995 _D0.00
_FCBU-MAIN LIBRARY (Kitwe)
_H1
_I4.50
_M1
_UAVAILABLE
_ZMain Library Open Access Collection
999 _c47084
_d47084